000 00566nam a2200193Ia 4500
005 20250508153005.0
008 008 250505s9999 xx 000 0 eng d
037 _aTextual
040 _aFEDL
_beng
_cFEDL
041 _aeng
_2eng
084 _a371.3, GAG
_qFEDL
100 _aGagne Robert M Ed.
_984919
245 0 _aPsychological principles in system development
260 _aNew York, USA
_bHolt, Rinehart and Winston
_c1962
300 _axiv,560p
650 _aTeaching Technique
942 _cTEXL
_h371.3, GAG
999 _c1340023
_d1340023